आरोग्यदायी पर्यावरण (Record no. 290685)

MARC details
000 -LEADER
fixed length control field 00623nam a2200169Ia 4500
008 - FIXED-LENGTH DATA ELEMENTS--GENERAL INFORMATION
fixed length control field 090711s9999 xx 000 0 und d
082 ## - DEWEY DECIMAL CLASSIFICATION NUMBER
Item number 78738
100 ## - MAIN ENTRY--PERSONAL NAME
Personal name पटवर्धन भुषण
245 ## - TITLE STATEMENT
Title आरोग्यदायी पर्यावरण
260 ## - PUBLICATION, DISTRIBUTION, ETC. (IMPRINT)
Name of publisher, distributor, etc कॉन्टीनेन्टल प्रकाशन
Date of publication, distribution, etc 1996
300 ## - PHYSICAL DESCRIPTION
Extent 155
600 ## - SUBJECT ADDED ENTRY--PERSONAL NAME
Personal name पटवर्धन भुषण
630 ## - SUBJECT ADDED ENTRY--UNIFORM TITLE
Uniform title आरोग्यदायी पर्यावरण
700 ## - ADDED ENTRY--PERSONAL NAME
Personal name पटवर्धन भुषण
730 ## - ADDED ENTRY--UNIFORM TITLE
Uniform title आरोग्यदायी पर्यावरण
942 ## - ADDED ENTRY ELEMENTS (KOHA)
Koha item type Book
Holdings
Withdrawn status Lost status Damaged status Not for loan Home library Current library Date acquired Cost, normal purchase price Total Checkouts Full call number Barcode Date last seen Cost, replacement price Price effective from Koha item type
        Dadar Sarvajanik Vachanalaya, Dardar Dadar Sarvajanik Vachanalaya, Dardar 04/01/1996 75.00   78738 DASAVA-78738 07/11/2009 75.00 07/11/2009 Book